Central Library OPAC University of Rajshahi

Influence of ataraxia on drop out among secondary school children : (Record no. 81825)

MARC details
000 -LEADER
fixed length control field 00979nam a22002417a 4500
001 - CONTROL NUMBER
RUCL Control Number 81825
003 - CONTROL NUMBER IDENTIFIER
rucl marc code BD-RjUL
005 - DATE AND TIME OF LATEST TRANSACTION
control field 20230831164358.0
008 - FIXED-LENGTH DATA ELEMENTS--GENERAL INFORMATION
fixed length control field 230831s2021 bg a|||| m||| 00| 0 eng d
035 ## - SYSTEM CONTROL NUMBER
system control number (BD-RjUL)81825
040 ## - CATALOGING SOURCE
Original cataloging agency BD-RjUL
Language of cataloging eng
Transcribing agency BD-RjUL
Modifying agency BD-RjUL
041 ## - LANGUAGE CODE
Language code of Book eng
082 ## - DEWEY DECIMAL CLASSIFICATION NUMBER
DDC Edition number 23
Classification number 305.2340954924
Author mark and Year MAI 2021
100 ## - MAIN ENTRY--PERSONAL NAME
Personal name Mannan, Md. Abdul
9 (RLIN) 3542
245 10 - TITLE STATEMENT
Title Influence of ataraxia on drop out among secondary school children :
Remainder of title A psycho-social study in Naogaon District /
Statement of responsibility, etc Submitted by Md. Abdul Mannan ;
Name of Supervisor/Co-Supervisor Supervisor : Md. Fakrul Islam
260 ## - PUBLICATION, DISTRIBUTION, ETC. (IMPRINT)
Place of publication, distribution, etc Rajshahi :
Name of publisher, distributor, etc Institute of Education and Research, University of Rajshahi,
Date of publication, distribution, etc 2021
300 ## - PHYSICAL DESCRIPTION
Pagination xxiii, 142 leaves :
Other physical details ill, ;
Dimensions 29.cm.
502 ## - DISSERTATION NOTE
Dissertation note Thesis (Ph. D.) -- Institute of Education and Research, University of Rajshahi, 2021
504 ## - BIBLIOGRAPHY, ETC. NOTE
Bibliography, etc References : Leaves 138 -142
650 ## - SUBJECT ADDED ENTRY--TOPICAL TERM
Topical term or geographic name as entry element School children
Form subdivision Groups of people
9 (RLIN) 8722
700 ## - ADDED ENTRY--SUPERVISOR/CO-SUPERVISOR NAME
Personal name Islam, Md. Fakrul, Supervisor
9 (RLIN) 1395
942 ## - ADDED ENTRY ELEMENTS (KOHA)
Source of classification or shelving scheme Dewey Decimal Classification
Koha item type Theses
Holdings
Source of classification or shelving scheme Damaged status Not for loan Collection code Permanent Location Current Location Shelving location Date of accession Source of acquisition Total Checkouts Full call number Barcode Date last seen Copy number Thesis
Dewey Decimal Classification   Not For Loan Theses Central Library, University of Rajshahi Central Library, University of Rajshahi Documentation Section 02/03/2023 Controller of Exam. R. U.   THE305.2340954924 MAI 2021 D4726 31/08/2023 C-1 Theses